HISTORY OF INDIAN CRIKET (Record no. 367407)

MARC details
000 -LEADER
fixed length control field 00380nam a2200145Ia 4500
008 - FIXED-LENGTH DATA ELEMENTS--GENERAL INFORMATION
fixed length control field 100122s9999 xx 000 0 und d
082 ## - DEWEY DECIMAL CLASSIFICATION NUMBER
Item number 24304
Classification number 796.358
100 ## - MAIN ENTRY--PERSONAL NAME
Personal name DOCKER EDWARD
245 ## - TITLE STATEMENT
Title HISTORY OF INDIAN CRIKET
260 ## - PUBLICATION, DISTRIBUTION, ETC. (IMPRINT)
Name of publisher, distributor, etc DREAMLAND PUBLICATIONS
Date of publication, distribution, etc 1976
300 ## - PHYSICAL DESCRIPTION
Extent 288
630 ## - SUBJECT ADDED ENTRY--UNIFORM TITLE
Uniform title HISTORY OF INDIAN CRIKET
730 ## - ADDED ENTRY--UNIFORM TITLE
Uniform title HISTORY OF INDIAN CRIKET
942 ## - ADDED ENTRY ELEMENTS (KOHA)
Koha item type Book
Holdings
Withdrawn status Lost status Damaged status Not for loan Home library Current library Date acquired Cost, normal purchase price Total Checkouts Full call number Barcode Date last seen Cost, replacement price Price effective from Koha item type Public note
        S.V. Pathak Library, Vile Parle S.V. Pathak Library, Vile Parle 10/20/1976 48.00   24304 SVPPARLE-24304 01/25/2010 48.00 01/25/2010 Book ", , General, NA"